[Event "33rd Leon Blitz Open 2020"]
[Site "chess.com INT"]
[Date "2020.07.14"]
[Round "6"]
[White "Lauridsen, Jesper Morch"]
[Black "Stupak, Kirill"]
[Result "0-1"]
[WhiteTitle "FM"]
[BlackTitle "GM"]
[WhiteElo "2225"]
[BlackElo "2520"]
[WhiteFideId "1401890"]
[BlackFideId "13503758"]
[EventDate "2020.07.14"]
[EventType "blitz"]

1. e4 e6 2. Nc3 d5 3. exd5 exd5 4. d4 Nf6 5. Bd3 Bb4 6. Bg5 h6 7. Qe2+ Be6 8.
Bh4 O-O 9. Nf3 Bg4 10. O-O Re8 11. Bxf6 gxf6 12. Qd2 Bxf3 13. Qxh6 Be4 14. Rae1
Bxc3 15. Re3 Bd2 16. Rg3+ Bg5 17. f4 Re6 18. Bxe4 dxe4 19. fxg5 Qxd4+ 20. Kh1 f5
21. g6 Rxg6 22. Rxg6+ fxg6 23. Qxg6+ Qg7 24. Qe8+ Qf8 25. Qg6+ Qg7 26. Qe8+ Qf8
27. Qe6+ Qf7 28. Qc8+ Qf8 29. Qxb7 Nd7 30. Qxc7 Qf7 31. Rd1 Nf8 32. Qg3+ Qg7 33.
Qf4 Qf7 34. Rd6 Re8 35. Qg3+ Kh8 36. Qh3+ Nh7 37. Rh6 e3 38. Qh4 e2 39. Qd4+ Qg7 0-1

[Event "33rd Leon Blitz Open 2020"]
[Site "chess.com INT"]
[Date "2020.07.14"]
[Round "6"]
[White "Bommini, Mounika Akshaya"]
[Black "Panda, Vedic"]
[Result "1-0"]
[WhiteTitle "WFM"]
[WhiteElo "2029"]
[BlackElo "2069"]
[WhiteFideId "25019872"]
[BlackFideId "30903416"]
[EventDate "2020.07.14"]
[EventType "blitz"]

1. d4 Nf6 2. c4 e6 3. Nc3 Bb4 4. f3 O-O 5. e4 c5 6. d5 d6 7. Bd3 b5 8. Nh3 bxc4
9. Bxc4 Ba6 10. Bxa6 Nxa6 11. Bg5 exd5 12. exd5 Re8+ 13. Kf2 c4 14. Re1 Qb6+ 15.
Kf1 Nd7 16. Nf2 Ne5 17. Nfe4 f5 18. Be3 Qb7 19. Nd2 Rac8 20. Bd4 Nd3 21. Re2
Nxb2 22. Qe1 Rxe2 23. Qxe2 Nc5 24. Rb1 Ncd3 25. Qe6+ Kh8 26. Qxf5 Bc5 27. Bxc5
dxc5 28. Nxc4 Re8 29. Nd6 Qe7 30. Nxe8 Qxe8 31. Ne4 Nc4 32. Qe6 Qf8 33. d6 Nf4
34. Qe7 Ne3+ 35. Kg1 Qg8 36. d7 Nf5 37. Qg5 1-0

[Event "33rd Leon Blitz Open 2020"]
[Site "chess.com INT"]
[Date "2020.07.14"]
[Round "6"]
[White "Ponkratov, Pavel"]
[Black "Hovhannisyan, Robert"]
[Result "1-0"]
[WhiteTitle "GM"]
[BlackTitle "GM"]
[WhiteElo "2631"]
[BlackElo "2642"]
[WhiteFideId "4157800"]
[BlackFideId "13302507"]
[EventDate "2020.07.14"]
[EventType "blitz"]

1. d4 d5 2. c4 c6 3. Nf3 Nf6 4. Qc2 dxc4 5. Qxc4 Bf5 6. g3 e6 7. Bg2 Be7 8. O-O
O-O 9. e3 Nbd7 10. Qe2 Qc7 11. Nc3 e5 12. e4 Bg4 13. Be3 Rfe8 14. h3 Bxf3 15.
Qxf3 exd4 16. Bxd4 Bc5 17. Rad1 Rad8 18. Qe3 Bxd4 19. Rxd4 a5 20. Rfd1 Nf8 21.
Rxd8 Rxd8 22. Rxd8 Qxd8 23. e5 N6d7 24. f4 Qb6 25. Qf2 Ne6 26. Ne4 Nec5 27. Nd6
f6 28. Bf1 Na4 29. Bc4+ Kf8 30. b3 Qxf2+ 31. Kxf2 Nc3 32. exf6 Nxf6 33. Nxb7
Nxa2 34. Nxa5 c5 35. Nb7 Ne4+ 36. Kf3 Nac3 37. g4 h6 38. Ke3 Ke7 39. Kd3 g5 40.
f5 Kf6 41. Nxc5 Nxc5+ 42. Kxc3 Ne4+ 43. Kd4 Nf2 44. Bf1 h5 45. gxh5 Kxf5 46. b4
Kf6 47. b5 g4 48. b6 gxh3 49. Bxh3 Nxh3 50. b7 Nf4 51. b8=Q Nxh5 52. Qe5+ Kg6
53. Kd5 Ng7 54. Qf4 Nh5 55. Qg4+ 1-0

[Event "33rd Leon Blitz Open 2020"]
[Site "chess.com INT"]
[Date "2020.07.14"]
[Round "6"]
[White "Trickov, Vasil"]
[Black "Baskin, Robert"]
[Result "0-1"]
[WhiteTitle "IM"]
[BlackTitle "IM"]
[WhiteElo "2302"]
[BlackElo "2390"]
[WhiteFideId "311103"]
[BlackFideId "24662402"]
[EventDate "2020.07.14"]
[EventType "blitz"]

1. d4 f5 2. Nf3 Nf6 3. g3 g6 4. Bg2 Bg7 5. O-O O-O 6. c4 d6 7. Qb3 Nc6 8. d5 Na5
9. Qc2 c5 10. Bd2 Ne4 11. Be1 a6 12. Nbd2 Nxd2 13. Bxd2 b5 14. b3 Rb8 15. Rab1
h6 16. Rfc1 e5 17. dxe6 Bxe6 18. cxb5 axb5 19. Bc3 Nc6 20. Bxg7 Kxg7 21. Rd1 Qe7
22. a4 bxa4 23. bxa4 Nb4 24. Qd2 d5 25. Ne5 Qd6 26. Nc4 Qc7 27. Qb2+ d4 28. Na3
Kh7 29. Nb5 Qa5 30. Qa3 Rxb5 31. Qf3 Rbb8 32. Qf4 Rfd8 33. Qe5 Qb6 34. a5 Qd6
35. Qf6 Bd5 36. Qxd6 Rxd6 37. Bxd5 Rxd5 38. a6 Nxa6 0-1

[Event "33rd Leon Blitz Open 2020"]
[Site "chess.com INT"]
[Date "2020.07.14"]
[Round "6"]
[White "Jones, Gawain C B"]
[Black "Sevian, Samuel"]
[Result "0-1"]
[WhiteTitle "GM"]
[BlackTitle "GM"]
[WhiteElo "2670"]
[BlackElo "2660"]
[WhiteFideId "409561"]
[BlackFideId "2040506"]
[EventDate "2020.07.14"]
[EventType "blitz"]

1. e4 c6 2. d4 d5 3. e5 Bf5 4. h4 h6 5. Bd3 Bxd3 6. cxd3 e6 7. Nc3 Ne7 8. h5 Nd7
9. Nf3 c5 10. dxc5 Nxc5 11. d4 Nd7 12. Kf1 a6 13. Bf4 Rc8 14. Rh3 Nf5 15. g4 Ne7
16. Kg2 Nc6 17. Qe2 Bb4 18. Rc1 Nb6 19. Nd1 Be7 20. Rg3 Nd7 21. Qd2 Qb6 22. Nc3
Qa5 23. a3 Qd8 24. Rh1 Na5 25. g5 Nc4 26. Qc1 hxg5 27. Nxg5 Qb6 28. Qd1 Qxb2 29.
Nxf7 Kxf7 30. Qg4 Ke8 31. Qxe6 Rc6 32. Qxd5 Rf8 33. Qe4 Nd2 34. Bxd2 Qxd2 35.
Nd1 Rc1 36. Qg4 Rxd1 37. Qxd1 Rxf2+ 38. Kh3 Rh2+ 39. Kg4 Rh4+ 40. Kf5 Qf4+ 41.
Ke6 Qf7# 0-1

[Event "33rd Leon Blitz Open 2020"]
[Site "chess.com INT"]
[Date "2020.07.14"]
[Round "6"]
[White "Arencibia Monduy, Antonio"]
[Black "Zverev, Lev"]
[Result "1-0"]
[WhiteTitle "CM"]
[BlackTitle "CM"]
[WhiteElo "2148"]
[BlackElo "2087"]
[WhiteFideId "3507939"]
[BlackFideId "24250775"]
[EventDate "2020.07.14"]
[EventType "blitz"]

1. e4 e5 2. Bc4 Nf6 3. d3 Bc5 4. Nf3 Nc6 5. O-O d6 6. Bb3 a6 7. c3 Ba7 8. Nbd2
h6 9. Re1 g5 10. Nf1 g4 11. N3d2 h5 12. Nc4 h4 13. Nce3 g3 14. hxg3 hxg3 15.
Nxg3 Bxe3 16. Rxe3 Ng4 17. Rf3 Qh4 18. Bxf7+ Kd8 19. Qb3 Bd7 20. Bd2 Kc8 21. Be6
Bxe6 22. Qxe6+ Kb8 23. Re1 Ka7 24. Kf1 Nh2+ 25. Ke2 Nxf3 26. gxf3 Qe7 27. Be3+
b6 28. Qd5 Qd7 29. Nf5 Ne7 30. Nxe7 Qxe7 31. a4 Raf8 32. a5 Qf6 33. Qc6 Qxf3+
34. Kd2 Rb8 35. Qxc7+ Rb7 36. axb6+ Ka8 37. Qc6 Qf8 38. Ra1 Rh2 39. Rxa6+ Kb8
40. Ra7 Rxf2+ 41. Kc1 Rf1+ 42. Kc2 Rf2+ 43. Kb3 Qf7+ 44. c4 Rf6 45. Ra8+ Kxa8
46. Qc8+ Rb8 47. Qa6+ Qa7 48. Qxa7# 1-0

[Event "33rd Leon Blitz Open 2020"]
[Site "chess.com INT"]
[Date "2020.07.14"]
[Round "6"]
[White "Bluebaum, Matthias"]
[Black "Puranik, Abhimanyu"]
[Result "1-0"]
[WhiteTitle "GM"]
[BlackTitle "GM"]
[WhiteElo "2647"]
[BlackElo "2584"]
[WhiteFideId "24651516"]
[BlackFideId "5061245"]
[EventDate "2020.07.14"]
[EventType "blitz"]

1. d4 Nf6 2. c4 g6 3. Nc3 d5 4. Nf3 Bg7 5. h3 O-O 6. cxd5 Nxd5 7. e4 Nxc3 8.
bxc3 c5 9. Be2 Qa5 10. Bd2 Rd8 11. O-O Nd7 12. Qb3 Qb6 13. Qc2 Qc7 14. Qb3 Nf6
15. Ng5 e6 16. e5 Nd5 17. Ne4 cxd4 18. cxd4 h6 19. Rfd1 Bd7 20. Qg3 Bc6 21. Qh4
Qe7 22. Qg3 Nb6 23. Nd6 Nc8 24. Nc4 Rxd4 25. Be3 Rxd1+ 26. Rxd1 Bd5 27. h4 Nb6
28. Nd6 Nd7 29. f4 Kh8 30. Bf3 Bxf3 31. Qxf3 Nb6 32. h5 gxh5 33. Qxh5 Nd5 34.
Rxd5 exd5 35. Bd4 Kg8 36. Nf5 Qb4 37. Qg4 1-0

[Event "33rd Leon Blitz Open 2020"]
[Site "chess.com INT"]
[Date "2020.07.14"]
[Round "6"]
[White "Motylev, Alexander"]
[Black "Bagrationi, Dmitry"]
[Result "1-0"]
[WhiteTitle "GM"]
[BlackTitle "FM"]
[WhiteElo "2641"]
[BlackElo "2316"]
[WhiteFideId "4121830"]
[BlackFideId "14105047"]
[EventDate "2020.07.14"]
[EventType "blitz"]

1. e4 c5 2. Nc3 Nc6 3. Bb5 d6 4. Bxc6+ bxc6 5. f4 g6 6. d3 Bg7 7. Nf3 Nh6 8. O-O
O-O 9. Kh1 Ba6 10. Qe1 c4 11. d4 f5 12. e5 d5 13. Ng5 Bc8 14. Qh4 e6 15. Bd2 Qe7
16. Na4 Rb8 17. b3 Ba6 18. Nc5 Rb6 19. Rf3 Bc8 20. Rh3 Re8 21. a3 cxb3 22. cxb3
Bf8 23. Ba5 Ng4 24. Nxh7 Qxh4 25. Rxh4 Bxc5 26. dxc5 Rxb3 27. h3 Nf2+ 28. Kg1
Ne4 29. Re1 Ba6 30. Rxe4 dxe4 31. Nf6+ Kf7 32. Rh7+ Kf8 33. Rh8+ Kg7 34. Rxe8 e3
35. Re7+ Kf8 36. Rxa7 Rb1+ 37. Kh2 Bf1 38. Bc7 Rd1 39. Bd6+ Rxd6 40. cxd6 e2 41.
d7 e1=Q 42. d8=Q# 1-0

[Event "33rd Leon Blitz Open 2020"]
[Site "chess.com INT"]
[Date "2020.07.14"]
[Round "6"]
[White "Koellner, Ruben Gideon"]
[Black "Arjun, Kalyan"]
[Result "0-1"]
[WhiteTitle "FM"]
[BlackTitle "IM"]
[WhiteElo "2376"]
[BlackElo "2477"]
[WhiteFideId "12993093"]
[BlackFideId "35018701"]
[EventDate "2020.07.14"]
[EventType "blitz"]

1. d4 Nf6 2. Bg5 g6 3. Bxf6 exf6 4. g3 Bg7 5. Bg2 f5 6. e3 O-O 7. Ne2 d5 8. O-O
c6 9. b3 a5 10. c4 a4 11. Nbc3 axb3 12. axb3 Rxa1 13. Qxa1 Be6 14. cxd5 cxd5 15.
Nf4 Nc6 16. Ncxd5 Bc8 17. Rc1 Qd6 18. Nb6 Be6 19. Nxe6 Qxe6 20. Bxc6 bxc6 21.
Qa4 Rb8 22. Rxc6 Qe4 23. d5 Qb1+ 24. Kg2 f4 25. Qxf4 Re8 26. Rc7 Rf8 27. Qc4 Be5
28. Rc8 Rxc8 29. Nxc8 Qd1 30. b4 Qa4 31. Qc6 Qa1 32. b5 Qb2 33. Qc4 Bc3 34. d6
Be1 35. Ne7+ Kf8 36. Qc8+ Kg7 0-1

[Event "33rd Leon Blitz Open 2020"]
[Site "chess.com INT"]
[Date "2020.07.14"]
[Round "6"]
[White "Rom, Jasper"]
[Black "Lamard, Guillaume"]
[Result "0-1"]
[BlackTitle "IM"]
[WhiteElo "2202"]
[BlackElo "2486"]
[WhiteFideId "2023733"]
[BlackFideId "600261"]
[EventDate "2020.07.14"]
[EventType "blitz"]

1. e4 c5 2. Nc3 Nc6 3. f4 g6 4. Nf3 Bg7 5. Bb5 Nd4 6. O-O e6 7. d3 a6 8. Ba4 b5
9. Bb3 Ne7 10. Nxd4 cxd4 11. Ne2 O-O 12. Qe1 d5 13. e5 f6 14. Nxd4 fxe5 15. fxe5
Rxf1+ 16. Kxf1 Qc7 17. Nf3 Bd7 18. d4 a5 19. c3 a4 20. Bc2 b4 21. Bd3 Qb6 22.
Bd2 a3 23. b3 Rf8 24. Kg1 Nc6 25. Kh1 Bc8 26. Rc1 bxc3 27. Bxc3 Ba6 28. Bb1 Bh6
29. Bd2 Bg7 30. Qh4 Qb5 31. h3 Bb7 32. Ng5 Rf1+ 33. Rxf1 Qxf1+ 34. Kh2 Nxd4 35.
Qxh7+ Kf8 36. Qxg6 Bxe5+ 37. g3 Ke7 38. h4 Qf2+ 39. Kh3 Qxg3# 0-1

[Event "33rd Leon Blitz Open 2020"]
[Site "chess.com INT"]
[Date "2020.07.14"]
[Round "6"]
[White "Boyer, Mahel"]
[Black "Jaracz, Pawel"]
[Result "0-1"]
[WhiteTitle "FM"]
[BlackTitle "GM"]
[WhiteElo "2294"]
[BlackElo "2456"]
[WhiteFideId "45102422"]
[BlackFideId "1102222"]
[EventDate "2020.07.14"]
[EventType "blitz"]

1. e4 c6 2. c4 d5 3. cxd5 cxd5 4. exd5 Nf6 5. Nc3 Nxd5 6. Nf3 e6 7. d4 Bb4 8.
Bd2 Nc6 9. Bd3 Be7 10. O-O O-O 11. Qe2 Bf6 12. Qe4 g6 13. Bh6 Re8 14. Rad1 Nce7
15. Ne5 Nf5 16. Bc1 Bg7 17. Rfe1 Nf6 18. Qf4 Bd7 19. g4 Bh6 20. g5 Nh5 21. Qg4
Bg7 22. Ne4 Bc6 23. Bb1 Bd5 24. Ng3 Nhxg3 25. hxg3 Rc8 26. Bf4 Qa5 27. Nd7 Nxd4
28. Be4 Bxe4 29. Rxe4 Qf5 30. Qxf5 Nxf5 31. Nf6+ Bxf6 32. gxf6 h6 33. Rd7 g5 34.
Be5 Red8 35. Rxb7 Rc2 36. Bc3 Nd6 37. Reb4 Nxb7 38. Rxb7 a5 39. Bxa5 Rd1+ 40.
Kg2 g4 41. Rb4 h5 42. Rb5 Rcc1 43. Rg5+ Kh7 0-1

[Event "33rd Leon Blitz Open 2020"]
[Site "chess.com INT"]
[Date "2020.07.14"]
[Round "6"]
[White "Eswaran, Ashritha"]
[Black "Nguyen, Hong Anh"]
[Result "1-0"]
[WhiteTitle "WIM"]
[BlackTitle "WIM"]
[WhiteElo "2244"]
[BlackElo "1970"]
[WhiteFideId "2080788"]
[BlackFideId "12406732"]
[EventDate "2020.07.14"]
[EventType "blitz"]

1. e4 c5 2. Nf3 Nc6 3. d4 cxd4 4. Nxd4 g6 5. c4 Nf6 6. Nc3 d6 7. f3 Nxd4 8. Qxd4
Bg7 9. Be3 O-O 10. Qd2 Be6 11. Rc1 Qa5 12. Be2 Rfc8 13. b3 a6 14. Nd5 Qxd2+ 15.
Kxd2 Nxd5 16. cxd5 Bd7 17. Rxc8+ Rxc8 18. Rc1 Rxc1 19. Kxc1 f5 20. exf5 gxf5 21.
f4 Kf7 22. Kc2 e6 23. dxe6+ Kxe6 24. Bf3 Bc6 25. Bxc6 bxc6 26. Kd3 Kd5 27. a4 h5
28. g3 Bf6 29. Bf2 Be7 30. Bd4 h4 31. Bf2 hxg3 32. Bxg3 Bf6 33. Bf2 Bg7 34. Bh4
Kc5 35. Be7 Kb4 36. Kc2 Kc5 37. h4 Kd5 38. Kd3 Ke6 39. Bg5 Kd5 40. Bd8 Bh6 41.
Bg5 Bf8 42. Ke3 Kc5 43. h5 Kb4 44. h6 Kxb3 45. h7 Bg7 46. Be7 c5 47. Bxd6 c4 48.
Be5 c3 49. Bxg7 c2 50. Kd2 1-0

[Event "33rd Leon Blitz Open 2020"]
[Site "chess.com INT"]
[Date "2020.07.14"]
[Round "6"]
[White "Elgersma, Onno"]
[Black "Divya, Deshmukh"]
[Result "1/2-1/2"]
[WhiteTitle "FM"]
[BlackTitle "WIM"]
[WhiteElo "2298"]
[BlackElo "2305"]
[WhiteFideId "1053531"]
[BlackFideId "35006916"]
[EventDate "2020.07.14"]
[EventType "blitz"]

1. e4 c5 2. Nf3 d6 3. Bb5+ Nd7 4. d4 cxd4 5. Qxd4 a6 6. Bxd7+ Bxd7 7. Nc3 e5 8.
Qd3 h6 9. Nd2 b5 10. a4 b4 11. Nd5 a5 12. Nc4 Nf6 13. Nxf6+ Qxf6 14. Nb6 Rb8 15.
Nxd7 Kxd7 16. O-O Be7 17. c3 Rhc8 18. cxb4 axb4 19. Be3 Qe6 20. Rfc1 Ke8 21. a5
Bg5 22. Bxg5 hxg5 23. Rxc8+ Rxc8 24. Qb5+ Qd7 25. Qxb4 Qc6 26. h3 Kd7 27. a6 Ra8
28. a7 Qc7 29. Qb5+ Ke7 30. b4 Rxa7 31. Rxa7 Qxa7 32. Qc6 Qa1+ 33. Kh2 Qd4 34.
Qc7+ Kf6 35. b5 Kg6 36. b6 Qxf2 37. Qxd6+ Kh7 38. b7 Qf4+ 39. Kg1 Qe3+ 40. Kf1
Qf4+ 41. Kg1 Qe3+ 42. Kh2 Qf4+ 43. Kh1 Qc1+ 44. Kh2 Qf4+ 1/2-1/2

[Event "33rd Leon Blitz Open 2020"]
[Site "chess.com INT"]
[Date "2020.07.14"]
[Round "6"]
[White "Chan, Yi Ren Daniel"]
[Black "Vlassov, Nikolai"]
[Result "1-0"]
[WhiteTitle "FM"]
[BlackTitle "IM"]
[WhiteElo "2316"]
[BlackElo "2352"]
[WhiteFideId "5801583"]
[BlackFideId "4103360"]
[EventDate "2020.07.14"]
[EventType "blitz"]

1. e4 Nc6 2. d4 d5 3. e5 h5 4. Be3 Bg4 5. Be2 Qd7 6. Nd2 O-O-O 7. Nb3 Bxe2 8.
Nxe2 e6 9. h4 f6 10. f4 Nh6 11. Qd3 Ng4 12. Bg1 fxe5 13. dxe5 b6 14. Qa6+ Kb8
15. a3 Ne7 16. O-O-O c5 17. Rh3 Qb7 18. Nxc5 Qxa6 19. Nxa6+ Kb7 20. Nb4 Nf5 21.
Nd4 Nxd4 22. Bxd4 Bxb4 23. axb4 Rhf8 24. Rf3 Rf5 25. g3 Rdf8 26. Rc3 Rc8 27.
Rxc8 Kxc8 28. b5 Kb7 29. b3 Rf8 30. Kb2 g6 31. c4 dxc4 32. bxc4 Rd8 33. Kc2 a6
34. bxa6+ Kxa6 35. Kc3 Rb8 36. Rb1 Nh6 37. c5 b5 38. c6 b4+ 39. Rxb4 Rxb4 40.
Kxb4 Nf5 41. Bf2 Ne7 42. Kc5 Nd5 43. Kd6 1-0

[Event "33rd Leon Blitz Open 2020"]
[Site "chess.com INT"]
[Date "2020.07.14"]
[Round "6"]
[White "Golubev, Mikhail"]
[Black "Pandey, Srishti"]
[Result "1-0"]
[WhiteTitle "GM"]
[BlackTitle "WFM"]
[WhiteElo "2461"]
[BlackElo "2026"]
[WhiteFideId "14100983"]
[BlackFideId "35093290"]
[EventDate "2020.07.14"]
[EventType "blitz"]

1. e4 e6 2. d4 d5 3. Nc3 Nf6 4. Bg5 Bb4 5. e5 h6 6. Bd2 Bxc3 7. bxc3 Ne4 8. Qg4
g6 9. Bd3 Nxd2 10. Kxd2 c5 11. h4 Nc6 12. Nf3 cxd4 13. cxd4 Qa5+ 14. c3 b6 15.
a4 Ba6 16. Bb5 Bxb5 17. axb5 Qxb5 18. Rhb1 Qc4 19. Rxb6 O-O 20. Rb2 Rfb8 21. Rc2
Rc8 22. Ne1 Nxe5 23. Qf4 Nd7 24. Qxh6 Qf1 25. Ke3 Nf6 26. Qf4 Nh5 27. Qe5 Ng7
28. g4 Qh1 29. h5 gxh5 30. f3 Qg1+ 31. Kf4 hxg4 32. Rg2 f6 33. Qxf6 Qxg2 34.
Nxg2 Nh5+ 35. Ke5 Nxf6 36. Kxf6 gxf3 37. Nf4 Rxc3 38. Rg1+ Kf8 39. Nxe6+ Ke8 40.
Rg7 Rc7 41. Rxc7 f2 42. Re7# 1-0

[Event "33rd Leon Blitz Open 2020"]
[Site "chess.com INT"]
[Date "2020.07.14"]
[Round "6"]
[White "Kovalev, Vladislav"]
[Black "Bauer, Christian"]
[Result "0-1"]
[WhiteTitle "GM"]
[BlackTitle "GM"]
[WhiteElo "2648"]
[BlackElo "2623"]
[WhiteFideId "13504398"]
[BlackFideId "603767"]
[EventDate "2020.07.14"]
[EventType "blitz"]

1. e4 Nc6 2. Nf3 d6 3. d4 Nf6 4. Nc3 g6 5. h3 Bg7 6. Be3 a6 7. g3 O-O 8. Bg2 e5
9. O-O exd4 10. Nxd4 Re8 11. Qd2 Ne5 12. b3 c5 13. Nde2 Bxh3 14. f3 Bxg2 15.
Kxg2 d5 16. exd5 Rc8 17. Rad1 b5 18. Bg1 b4 19. Na4 Ned7 20. Rfe1 h5 21. Nf4 h4
22. Rxe8+ Nxe8 23. Ne6 Qf6 24. Nexc5 h3+ 25. Kh2 Ne5 26. Qf4 Nxf3+ 27. Kxh3
Nxg1+ 28. Rxg1 Qe7 29. Qe4 Qd8 30. Rd1 Nd6 31. Qf3 Qg5 32. Re1 Rd8 33. Kg2 Nf5
34. Re4 Be5 35. Nd3 Bxg3 36. Rg4 Qd2+ 37. Kg1 Qh2+ 38. Kf1 Rxd5 39. Qxd5 Ne3# 0-1

[Event "33rd Leon Blitz Open 2020"]
[Site "chess.com INT"]
[Date "2020.07.14"]
[Round "6"]
[White "Antipov, Mikhail Al."]
[Black "Dhulipalla, Bala Chandra Prasad"]
[Result "1-0"]
[WhiteTitle "GM"]
[BlackTitle "IM"]
[WhiteElo "2584"]
[BlackElo "2441"]
[WhiteFideId "4107012"]
[BlackFideId "25005812"]
[EventDate "2020.07.14"]
[EventType "blitz"]

1. e4 Nc6 2. Nc3 e6 3. d4 Bb4 4. Nf3 d6 5. Bd3 e5 6. dxe5 Bxc3+ 7. bxc3 dxe5 8.
Ba3 Nge7 9. Bb5 Qxd1+ 10. Rxd1 f6 11. Nd2 Be6 12. Nb3 a6 13. Be2 b6 14. g3 O-O
15. f4 Rfe8 16. f5 Bf7 17. Rd7 Ra7 18. Kf2 Nc8 19. Rhd1 g6 20. g4 Nb8 21. Rd8
Nc6 22. Rxe8+ Bxe8 23. Bc4+ Kg7 24. Be6 Ra8 25. h4 N8e7 26. Nc1 h6 27. Ne2 g5
28. hxg5 hxg5 29. Ng3 Kf8 30. Nh5 Rd8 31. Rxd8 Nxd8 32. Nxf6 Nxe6 33. fxe6 Bc6
34. Nd5 Bxd5 35. exd5 Ke8 36. Bxe7 Kxe7 37. c4 b5 38. cxb5 axb5 39. Ke3 c6 40.
Ke4 cxd5+ 41. Kxe5 d4 42. Kd5 b4 43. Ke5 Ke8 44. Kf6 1-0

[Event "33rd Leon Blitz Open 2020"]
[Site "chess.com INT"]
[Date "2020.07.14"]
[Round "6"]
[White "Holt, Conrad"]
[Black "Erigaisi, Arjun"]
[Result "0-1"]
[WhiteTitle "GM"]
[BlackTitle "GM"]
[WhiteElo "2549"]
[BlackElo "2559"]
[WhiteFideId "2034387"]
[BlackFideId "35009192"]
[EventDate "2020.07.14"]
[EventType "blitz"]

1. d4 Nf6 2. c4 e6 3. Nc3 Bb4 4. Qc2 O-O 5. e4 d5 6. e5 Ne4 7. Bd3 c5 8. Nf3
cxd4 9. Nxd4 Nd7 10. Bf4 Ndc5 11. O-O Bxc3 12. bxc3 Bd7 13. Be2 Na4 14. cxd5
exd5 15. f3 Nexc3 16. Bd3 h6 17. Rac1 Rc8 18. Qd2 Re8 19. Rfe1 Qb6 20. Kh1 Ne4
21. fxe4 Qxd4 22. exd5 Rxc1 23. Rxc1 g6 24. e6 fxe6 25. Bxh6 exd5 26. Qg5 Qxd3
27. Qf6 Qc3 28. Qxg6+ Kh8 29. Rf1 Re1 30. Bg7+ Qxg7 31. Qh5+ Qh7 32. Qxh7+ Kxh7
33. Rxe1 Kg6 34. Kg1 Nc3 35. Re7 Bc6 36. Kf2 Nxa2 37. g4 Kf6 38. Re3 d4 39. Ra3
Nc3 40. Rxa7 Ke5 41. Kg3 d3 42. Ra8 d2 43. Rd8 Bd5 44. Re8+ Kd4 0-1

[Event "33rd Leon Blitz Open 2020"]
[Site "chess.com INT"]
[Date "2020.07.14"]
[Round "6"]
[White "Skuhala, Barbara"]
[Black "Osmak, Iulija"]
[Result "0-1"]
[WhiteTitle "WFM"]
[BlackTitle "IM"]
[WhiteElo "2089"]
[BlackElo "2438"]
[WhiteFideId "14605465"]
[BlackFideId "14101602"]
[EventDate "2020.07.14"]
[EventType "blitz"]

1. e4 d5 2. exd5 Qxd5 3. Nc3 Qd6 4. d4 Nf6 5. Nf3 a6 6. Be2 Nc6 7. O-O Bg4 8.
Be3 O-O-O 9. Re1 e6 10. a3 Bxf3 11. Bxf3 Nxd4 12. Bxd4 Qxd4 13. Qe2 Qd2 14. Qc4
Qd4 15. Qb3 Qb6 16. Qa2 Bc5 17. Rf1 Rd2 18. b4 Bxf2+ 19. Kh1 Bd4 20. Qb3 Rd8 21.
Na4 Qd6 22. Rab1 Be5 23. Nc5 c6 24. h3 Bd4 25. c4 Bxc5 26. bxc5 Qc7 27. a4 R2d3
28. Qc2 Rd2 29. Qc3 R8d3 30. Qc1 Nd7 31. Qe1 Nxc5 32. Qh4 h6 33. Qg4 g5 34. Qh5
Rd8 35. Qxh6 Qg3 36. a5 Nd3 37. Qh7 Nf2+ 38. Rxf2 Qxf2 39. Qxf7 R2d7 40. Qxe6
Qc5 41. Bg4 Kb8 42. Qe2 Rc7 43. Bf3 Qxa5 44. c5 Rd2 45. Qe8+ Ka7 46. Qe5 Rcd7
47. Qxg5 Qc7 48. Qe3 R2d3 49. Qe2 R3d4 50. Qb2 Rf4 51. Qb3 Re7 52. Qc3 Rff7 53.
Qb3 Rf8 54. Rd1 Rfe8 55. Qc3 Re3 56. Qb4 R8e7 57. Qb2 Re1+ 0-1

[Event "33rd Leon Blitz Open 2020"]
[Site "chess.com INT"]
[Date "2020.07.14"]
[Round "6"]
[White "Sanal, Vahap"]
[Black "Sjugirov, Sanan"]
[Result "1-0"]
[WhiteTitle "GM"]
[BlackTitle "GM"]
[WhiteElo "2581"]
[BlackElo "2675"]
[WhiteFideId "6300545"]
[BlackFideId "4189302"]
[EventDate "2020.07.14"]
[EventType "blitz"]

1. e4 c5 2. Nc3 Nc6 3. Bb5 Nd4 4. Nf3 e6 5. O-O a6 6. Bd3 Nc6 7. a3 Nf6 8. b4
cxb4 9. axb4 Bxb4 10. e5 Ng4 11. Re1 d5 12. exd6 Bxd6 13. Ne4 Be7 14. Bb2 Nf6
15. Nfg5 h6 16. Nxf6+ Bxf6 17. Bxf6 Qxf6 18. Ne4 Qe7 19. Re3 O-O 20. Qh5 f5 21.
Nc3 Qf7 22. Qh4 Qf6 23. Qa4 Bd7 24. Qb3 b5 25. Rae1 Kh8 26. Rxe6 Qf7 27. Rd6
Qxb3 28. cxb3 Rad8 29. Bf1 Nb4 30. Re7 Bc6 31. Rg6 Rg8 32. Na2 Nxa2 33. Rxc6 Nb4
34. Rc5 Rxd2 35. Rxf5 Rb2 36. g4 Rxb3 37. g5 Rb1 38. Kg2 Nc6 39. Rd7 b4 40. Bc4
Rb8 41. gxh6 gxh6 42. Rf6 1-0

[Event "33rd Leon Blitz Open 2020"]
[Site "chess.com INT"]
[Date "2020.07.14"]
[Round "6"]
[White "Idrisova, Roza"]
[Black "Hamley, Ryan"]
[Result "1-0"]
[WhiteTitle "WFM"]
[WhiteElo "1960"]
[BlackElo "2089"]
[WhiteFideId "4146662"]
[BlackFideId "30959497"]
[EventDate "2020.07.14"]
[EventType "blitz"]

1. d4 d5 2. Nf3 Nf6 3. Bg5 Ne4 4. Bf4 c5 5. c3 Nc6 6. e3 Qb6 7. Qb3 cxd4 8. exd4
e6 9. Nbd2 Nxd2 10. Nxd2 Be7 11. Bd3 O-O 12. Qxb6 axb6 13. O-O Bd7 14. a3 h6 15.
h3 Rfe8 16. Rfe1 Bf6 17. Nf3 Rac8 18. Bd6 Be7 19. Bf4 f6 20. g4 Na5 21. Nd2 Kf7
22. Kg2 Nc4 23. Nxc4 dxc4 24. Be4 Bc6 25. f3 b5 26. Kf2 Bf8 27. Bc2 Rcd8 28.
Rad1 Bd5 29. Bc7 Rd7 30. Bf4 Rdd8 31. Bc7 Rd7 32. Bf4 Bd6 33. Bxd6 Rxd6 34. Rd2
Bc6 35. Rde2 b6 36. Be4 Bd5 37. Bxd5 Rxd5 38. f4 h5 39. Kf3 hxg4+ 40. hxg4 Rd6
41. f5 e5 42. dxe5 Rd3+ 43. Kf4 g5+ 44. fxg6+ Kxg6 45. exf6 Rxe2 46. Rxe2 Kxf6
47. g5+ Kf7 48. Kf5 Rf3+ 49. Ke4 Rf1 50. Kd5 Rf5+ 51. Kc6 Rxg5 52. Kxb6 Rf5 53.
Ka5 Kf6 54. Kb4 Kf7 55. a4 bxa4 56. Kxa4 Rf4 57. Kb4 Kf6 58. Re8 Kf7 59. Rc8 Ke6
60. Rxc4 Rf2 61. b3 Kd5 62. Rc8 Kd6 63. c4 Kd7 64. Ra8 Kc7 65. Ra6 Kb7 66. Rh6
Rf4 67. Kb5 Rf5+ 68. c5 Ka8 69. b4 Kb7 70. Rh7+ Ka8 71. Kb6 Rf8 72. b5 Rb8+ 73.
Ka6 Rc8 74. b6 Rf8 75. c6 Kb8 76. Ra7 Rf1 77. c7+ Kc8 78. Ra8+ Kd7 79. Rd8+ 1-0